000 00315nam a2200109Ia 4500
008 171204s9999 xx 000 0 und d
245 _aMake: Wearable Electronics:
245 _cKate Hartman
260 _c2014
650 _xE-Business/Multimedia Solutions
856 _uhttp://down.ebook777.com/022/9781449336516.pdf
999 _c347143
_d347143